Alvaro Siza: Conversaciones con Valdemar Cruz

Saved in:
Bibliografiske detaljer
Format: Bog
Sprog:spansk
Udgivet: Barcelona Gustavo Gili 2007
Fag:
Tags: Tilføj Tag
Ingen Tags, Vær først til at tagge denne postø!

MARC

LEADER 00000nam a2200000 a 4500
001 UCG0246
003 CL-VaPUC
008 100318e20070000SP |||||||||||||||||spa|d
020 |a 9788425221644 
082 0 4 |a 724.7  |b ALV  |2 21 
245 1 0 |a Alvaro Siza: Conversaciones con Valdemar Cruz 
300 |a 120 p 
942 |c BK 
945 |d 20100318 00:00:00  |a rbrito 
260 |a Barcelona  |b Gustavo Gili  |c 2007 
600 0 7 |a SIZA, ALVARO  |2 CL-VaPUC  |9 268945 
600 0 7 |a CRUZ, VALDEMAR  |2 CL-VaPUC  |9 547593 
650 0 |a Arquitectura portuguesa  |9 421953 
650 0 |a Arquitectura moderna  |9 265021 
650 0 |a Arquitectos   |9 268647 
583 |a last modification  |c 20121105 04:34:16  |k Rodrigo Vera 
999 |c 339934  |d 339932 
952 |0 0  |1 0  |4 0  |6 724_700000000000000_ALV_2007  |7 0  |8 A  |9 434200  |a BIBARQ  |b BIBARQ  |d 2019-11-22  |i 465174K  |o 724.7 ALV 2007  |p 465174K  |r 2025-01-20  |w 2019-11-22  |y BK  |k ARQ